| 000 | 02387nam0a2200385 4500 | ||
|---|---|---|---|
| 001 | RU\NLR\BIBL_A\022720259 | ||
| 005 | 20260412095009.0 | ||
| 010 |
_a978-5-6053600-5-6 _9100 |
||
| 035 | _a(NLR Aleph) 022720259 | ||
| 090 |
_a13653752 _c13653752 |
||
| 100 | _a20260205d2025 k y0rusy50 ca | ||
| 101 | 0 | _arus | |
| 102 | _aRU | ||
| 105 | _aa z 000zy | ||
| 181 | 0 |
_ai3 _baxxe |
|
| 182 | 0 | _an | |
| 200 | 1 |
_aРазвитие суверенной финансовой системы России _eмонография _fВ. А. Кунин, Н. Л. Дружинин, А. Ю. Бердникова [и др.] _gпод общей редакцией Е. А. Синцовой _gСанкт-Петербургский университет технологий управления и экономики под научно-методическим руководством Российской академии наук, Институт экономики и финансов, Кафедра международных финансов и бухгалтерского учета |
|
| 203 |
_aТекст _bвизуальный _cнепосредственный |
||
| 210 |
_aСанкт-Петербург _cСПбУТУиЭ _d2025 |
||
| 215 |
_a158, [1] c. _cил. _d21 |
||
| 300 | _aАвт. указаны на обороте тит. с. в макете | ||
| 300 | _aНа обл.: СПбУТУИЭ-35 лет | ||
| 320 | _aБиблиогр. в конце кн. (80 назв.) | ||
| 606 | 1 |
_aФинансовая система _yРоссийская Федерация _92109788 _3RU\NLR\AUTH\661275166 |
|
| 686 | 1 | _aУ26(2)11(2Р) | |
| 701 | 1 |
_aКунин _bВ. А. _gВладимир Александрович |
|
| 701 | 1 |
_aДружинин _bН. Л. _gНиколай Львович |
|
| 701 | 1 |
_aБердникова _bА. Ю. _gАлла Юрьевна |
|
| 702 | 1 |
_aСинцова _bЕ. А. _gЕлена Алексеевна _4340 |
|
| 712 | 0 | 2 |
_4570 _aСанкт-Петербургский университет технологий управления и экономики _bИнститут экономики и финансов _bКафедра международных финансов и бухгалтерского учета _92697045 _3RU\NLR\AUTH\880638689 |
| 942 | _cBOOK | ||
| 980 | _aNB | ||